| 000 | 00790cam a2200217 i 4500 | ||
|---|---|---|---|
| 001 | 18971508 | ||
| 005 | 20241031114800.0 | ||
| 008 | 160211t20162016enka b 001 0 eng | ||
| 020 | _a9780198733690 (pbk) | ||
| 050 | 0 | 0 |
_aKD1269 _b.M33 2016 |
| 100 | 1 |
_aWaelde, Charlotte, _eauthor. |
|
| 245 | 1 | 0 |
_aContemporary intellectual property : _blaw and policy / _cCharlotte Waelde, Abbe Brown, Smita Kheria, Jane Cornwell. |
| 250 | _aFourth edition. | ||
| 260 |
_aUSA _bOxford University Press _c2016 |
||
| 300 |
_alxxii, 1054 pages : _billustrations ; _c25 cm. |
||
| 650 | 0 |
_aIntellectual property _zGreat Britain. |
|
| 700 | 1 |
_aBrown, Abbe E. L. _q(Abbe Elizabeth Lockhart) _eauthor. |
|
| 700 | 1 |
_aKheria, Smita, _eauthor. |
|
| 700 | 1 |
_aCornwell, Jane _c(Law teacher), _eauthor. |
|
| 942 |
_2lcc _cBK _n0 |
||
| 999 |
_c444 _d444 |
||